Caracterización de la variabilidad espacial de propiedades del suelo a partir de la conductividad eléctrica aparente /

Guardado en:
Otros Autores: Domenech, Marisa Beatriz. (Disertante), Costa, José Luis. (Orientador), Amiotti, Nilda Mabel. (Orientador)
Formato: Manuscrito
Idioma:Spanish
Publicado: 2013.
Materias:
Etiquetas: Agregar Etiqueta
Sin Etiquetas, Sea el primero en etiquetar este registro!
LEADER 01147ntm a22002775a 4500
001 EEA.libagro009555
005 20140331131213.0
008 140212s2013####ag#######bm###000#0#spa#d
082 0 4 |a 040  |2 15 
082 0 4 |a 631.4  |2 15 
100 1 |a Domenech, Marisa Beatriz.  |4 dis 
245 1 0 |a Caracterización de la variabilidad espacial de propiedades del suelo a partir de la conductividad eléctrica aparente /  |c Marisa Beatriz Domenech. 
260 |c 2013. 
300 |a iv, 62 h. :  |b il. col. ;  |c 30 cm. 
500 |a "Tesis de Magíster en Ciencias Agrarias". 
500 |a Director de tesis: José Luis Costa; co-dirección: Nilda Amiotti. 
502 |a Tesis (magíster)--Universidad Nacional del Sur. Departamento de Agronomía, 2013. 
504 |a Incluye referencias bibliográficas. 
650 7 |a Agronomía.  |2 unbist 
650 7 |a Suelos.  |2 unbist 
653 |a Variabilidad espacial 
653 |a Conductividad eléctrica 
700 1 |a Costa, José Luis.  |4 ths 
700 1 |a Amiotti, Nilda Mabel.  |4 ths 
710 2 |a Universidad Nacional del Sur.  |b Departamento de Agronomía  |4 dgg. 
859 |a AR-BbBCA  |b BIB. AGRONOMIA  |h 040  |i B148 2013-1260d  |p 124288/014